000 00412nam a2200193Ia 4500
001 5463
003 OSt
005 20251105084108.0
008 211022s9999 xx 000 0 und d
020 _a0600361772
040 _cIVS
082 _a759.9492 WRI
100 _aWright, Christopher
245 0 _aRembrandt and his art
260 _aLondon
260 _bHamlyn
260 _c1978
942 _cBK
_2ddc
_n0
999 _c3819
_d3819